PENULISAN CERPEN: (Record no. 184033)

MARC details
000 -LEADER
fixed length control field 01170cam a2200373 i 4500
001 - CONTROL NUMBER
control field vtls000021919
003 - CONTROL NUMBER IDENTIFIER
control field PNM
005 - DATE AND TIME OF LATEST TRANSACTION
control field 20210524000454.0
008 - FIXED-LENGTH DATA ELEMENTS--GENERAL INFORMATION
fixed length control field 831214t19801980my e a000 0 may
020 ## - INTERNATIONAL STANDARD BOOK NUMBER
Qualifying information paperback
039 #9 - LEVEL OF BIBLIOGRAPHIC CONTROL AND CODING DETAIL [OBSOLETE]
Level of rules in bibliographic description 202008111608
Level of effort used to assign nonsubject heading access points azeantie
Level of effort used to assign subject headings 202007280942
Level of effort used to assign classification faezah
Level of effort used to assign subject headings 201508171459
Level of effort used to assign classification maulidiah
Level of effort used to assign subject headings 201504011208
Level of effort used to assign classification iliza
040 ## - CATALOGING SOURCE
Original cataloging agency BNM
Language of cataloging eng
Transcribing agency BNM
Modifying agency PNM
-- PPAK
Description conventions rda
049 00 - LOCAL HOLDINGS (OCLC)
Holding library bgkmalpma
082 04 - DEWEY DECIMAL CLASSIFICATION NUMBER
Classification number 808.31
Edition number 23
090 00 - LOCALLY ASSIGNED LC-TYPE CALL NUMBER (OCLC); LOCAL CALL NUMBER (RLIN)
Classification number (OCLC) (R) ; Classification number, CALL (RLIN) (NR) 808.31
Feature heading ABD
Feature heading KAO
100 0# - MAIN ENTRY--PERSONAL NAME
Personal name Abdullah Hussain,
Titles and words associated with a name Dato',
Dates associated with a name 1920-
Relator term author.
245 10 - TITLE STATEMENT
Title PENULISAN CERPEN:
Remainder of title KAEDAH DAN PENGALAMAN /
Statement of responsibility, etc. ABDULLAH HUSSAIN
264 #1 - PRODUCTION, PUBLICATION, DISTRIBUTION, MANUFACTURE, AND COPYRIGHT NOTICE
Place of production, publication, distribution, manufacture Kuala Lumpur :
Name of producer, publisher, distributor, manufacturer Dewan Bahasa dan Pustaka,
Date of production, publication, distribution, manufacture, or copyright notice 1980
Date of production, publication, distribution, manufacture, or copyright notice ©1980
300 ## - PHYSICAL DESCRIPTION
Extent 64 pages ;
Dimensions 22 cm
336 ## - CONTENT TYPE
Content type term text
Source rdacontent
337 ## - MEDIA TYPE
Media type term unmediated
Source rdamedia
338 ## - CARRIER TYPE
Carrier type term volume
Source rdacarrier
650 10 - SUBJECT ADDED ENTRY--TOPICAL TERM
Topical term or geographic name entry element Fiction
General subdivision Authorship
Topical term or geographic name entry element Short story
942 ## - ADDED ENTRY ELEMENTS (KOHA)
Source of classification or shelving scheme Dewey Decimal Classification
Koha item type Book
949 ## - LOCAL PROCESSING INFORMATION (OCLC)
a MS 0768 ABD MKP
e 2544123
a TS 0007 ABD MKP
e 2543320
6 1000006355
s 6700:20070731
6 1000006356
s 6700:20070731
6 1000006358
s 6700:20070731
6 1000006357
6 2000115569
a 808.31 ABD M
Holdings
Withdrawn Not for loan Current library Shelving location Date acquired Total Checkouts Full call number Barcode Date last seen Koha item type
  Not For Loan Perpustakaan Jitra Koleksi Asmah Haji Omar 08/08/2021   KAO 808.31 ABD KAO000118 08/08/2021 Book